[Event "RSA-chT U14"]
[Site "Cape Town"]
[Date "2016.01.06"]
[Round "5.9"]
[White "Nyathi, Musa"]
[Black "Park, Sang Yeon"]
[Result "1-0"]
[WhiteElo "1144"]
[BlackElo "1199"]
[PlyCount "67"]
[EventDate "2016.01.04"]
[EventType "team-tourn"]
[EventRounds "7"]
[EventCountry "RSA"]
[SourceTitle "CBM 170 Extra"]
[Source "ChessBase"]
[SourceDate "2016.02.25"]
[SourceVersion "1"]
[SourceVersionDate "2016.02.25"]
[SourceQuality "1"]
[WhiteTeam "Johannesburg Metro"]
[BlackTeam "Western Province"]
[WhiteTeamCountry "RSA"]
[BlackTeamCountry "RSA"]

1. d4 c5 2. Nf3 Nf6 3. Nc3 cxd4 4. Nxd4 Nc6 5. e4 e5 6. Nf3 Bc5 7. Bc4 0-0 8. 0-0 d6 9. Bg5 Be6 10. Bxe6 fxe6 11. Na4 b6 12. c3 d5 13. Qe2 Qc7 14. b4 Be7 15. b5 Na5 16. exd5 e4 17. Bxf6 exf3 18. Qxe6+ Rf7 19. Bxe7 Qxe7 20. Qxe7 Rxe7 21. gxf3 Rd7 22. Rad1 Rc8 23. Rd4 Kf7 24. Rc1 Rc4 25. Rdd1 Kf6 26. Rd3 Rc8 27. Nb2 Nb7 28. c4 g5 29. f4 h6 30. fxg5+ hxg5 31. Re3 Nc5 32. Nd3 Rcd8 33. Nxc5 bxc5 34. Re4 1-0